Fra Angelico da Fiesole : 1387-1455 /

Guardado en:
Bibliografiske detaljer
Hovedforfatter: Fra Angelico (pintor)
Andre forfattere: Schneider, Edouard (texto) (texto)
Format: Bog
Sprog:fransk
Udgivet: París, Francia : Albin Michel, 1933, c1933
Udgivelse:Nueva ed.
Fag:
Tags: Tilføj Tag
Ingen Tags, Vær først til at tagge denne postø!

MARC

LEADER 00000nam^a2200000^a^4500
001 000313817
005 20250526000000.0
009 20260526135951.551
037 |a Acervo ITESO - Biblioteca 
041 |a FRA 
082 |a 759. 5  |b ANG SCH 
100 |a Fra Angelico  |e (pintor) 
245 1 0 |a Fra Angelico da Fiesole :  |b 1387-1455 /  |c F. Angelico ; texto de E. Schneider. 
250 |a Nueva ed.  |b rev. y aum. 
264 4 |a París, Francia :  |b Albin Michel,  |c 1933, c1933 
300 |a III, 172 p., 53 láminas ;  |c 30.0 cm. 
336 |a texto  |b txt  |2 rdacontenido 
337 |a sin mediación  |b n  |2 rdamedio 
338 |a volumen  |b nc  |2 rdasoporte 
649 |a XX 
650 |a Pintores Italianos 
650 |a Artistas Italianos 
650 |a Pintura Mural -  |z Italia -  |x Historia y Crítica 
650 |a Pintura Mural -  |x Historia y Crítica 
650 |a Pintura Religiosa -  |z Italia -  |x Historia y Crítica 
650 |a Pintura Religiosa -  |x Historia y Crítica 
650 |a Pintura Renacentista -  |z Italia -  |x Historia y Crítica 
650 |a Pintura Renacentista -  |x Historia y Crítica 
650 |a Pintura Italiana -  |x Historia y Crítica 
650 |a Arte Religioso -  |z Italia -  |x Historia y Crítica 
650 |a Arte Religioso -  |x Historia y Crítica 
650 |a Arte Renacentista -  |z Italia -  |x Historia y Crítica 
650 |a Arte Renacentista -  |x Historia y Crítica 
650 |a Arte Italiano -  |x Historia y Crítica 
650 |a Fra Angelico -  |x Tema Principal 
700 |a Schneider, Edouard  |e (texto) 
910 |a Fondo Ignacio Díaz Morales 
920 |a Impresos - Libros 
930 |a Libros Antiguos y Raros 
940 |a Arquitectos Jaliscienses 
905 |a 108 
901 |a 0500200691  |b IT2  |c LRA  |i D56693  |u 20250526 
902 |a https://opac.biblio.iteso.mx/vufind/Record/000313817